| 000 | 00497nam a2200181 a 4500 | ||
|---|---|---|---|
| 005 | 20210223120855.0 | ||
| 008 | 991125s1996 mad 000 0 spa u | ||
| 020 | _a8434851938 | ||
| 035 | _aUPN01000008454 | ||
| 049 | _aC | ||
| 050 | 4 | _aPC4625 C52 | |
| 245 | 0 | 0 |
_aClave : _bdiccionario de uso del español actual / _cpról. Gabriel García Márquez |
| 260 |
_aMadrid : _bSM, _c1996 |
||
| 300 | _axx, 2056 p. | ||
| 650 | 4 |
_aESPAÑOL - _vDICCIONARIOS _99421 |
|
| 904 |
_aAC _b008454 |
||
| 905 | _aLibro | ||
| 999 |
_c8454 _d8454 |
||